[Event "Asian Games tt"]
[Site "Hangzhou"]
[Date "2023.09.29"]
[Round "1.14"]
[White "Yakubboev, Nodirbek"]
[Black "Markov, Mikhail2222"]
[Result "1-0"]
[WhiteElo "2617"]
[BlackElo "2292"]
[PlyCount "81"]
[EventDate "2023.09.29"]
[EventType "team-tourn"]
[EventRounds "9"]
[EventCountry "CHN"]
[SourceTitle "EXT 2024"]
[Source "ChessBase"]
[SourceDate "2023.10.10"]
[SourceVersion "1"]
[SourceVersionDate "2023.10.10"]
[SourceQuality "1"]
[WhiteTeam "Uzbekistan"]
[BlackTeam "Kyrgyzstan"]
[WhiteTeamCountry "UZB"]
[BlackTeamCountry "KGZ"]

1. d4 d5 2. c4 c6 3. Nf3 Nf6 4. Nc3 dxc4 5. a4 e6 6. e3 c5 7. Bxc4 Nc6 8. 0-0 cxd4 9. exd4 Be7 10. Qe2 0-0 11. Rd1 Nb4 12. Ne5 Nbd5 13. Bb3 Nb4 14. Qf3 Nfd5 15. Bd2 Qb6 16. Qg3 f5 17. a5 Qd8 18. Qf3 Bf6 19. Be1 Qd6 20. Nb5 Qe7 21. Bxb4 Qxb4 22. Bxd5 Qxb5 23. Bc4 Qb4 24. b3 Rb8 25. Qf4 Qd6 26. Qxf5 b5 27. axb6 axb6 28. Qh5 Bb7 29. Ra7 b5 30. Bd3 g6 31. Nxg6 hxg6 32. Qxg6+ Bg7 33. Qh7+ Kf7 34. Bg6+ Kf6 35. Bh5 Bh8 36. Rxb7 Rxb7 37. Qxb7 Qd5 38. Qh7 Qxb3 39. d5 Ke5 40. Re1+ Kxd5 41. Qd7+ 1-0

[Event "AI Cup Play In"]
[Site "Chess.com INT"]
[Date "2023.09.18"]
[Round "8"]
[White "Hakobyan, Aram"]
[Black "Yakubboev, Nodirbek"]
[Result "1-0"]
[WhiteElo "2617"]
[BlackElo "2617"]
[PlyCount "75"]
[EventDate "2023.09.18"]
[EventType "swiss (rapid)"]
[EventRounds "9"]
[EventCountry "USA"]
[SourceTitle "EXT 2024"]
[Source "ChessBase"]
[SourceDate "2023.10.10"]
[SourceVersion "1"]
[SourceVersionDate "2023.10.10"]
[SourceQuality "1"]

1. d4 Nf6 2. c4 g6 3. Nc3 Bg7 4. e4 d6 5. Be2 0-0 6. Nf3 e5 7. 0-0 Na6 8. Re1 Bg4 9. d5 Nc5 10. Ng5 Bxe2 11. Qxe2 a5 12. b3 Nfd7 13. Rb1 h6 14. Nf3 f5 15. Be3 Na6 16. a3 f4 17. Bd2 g5 18. g4 Nf6 19. h3 Qd7 20. Kh1 Rf7 21. b4 axb4 22. axb4 Raf8 23. c5 Nb8 24. b5 Nxg4 25. hxg4 Qxg4 26. Nh2 Qxe2 27. Rxe2 Nd7 28. c6 Nb6 29. f3 Nc4 30. Ra1 b6 31. Ra4 Nxd2 32. Rxd2 h5 33. Rda2 Bf6 34. Ra8 Rg7 35. Rxf8+ Kxf8 36. Ra8+ Kf7 37. Na4 Kg6 38. Kg2 1-0

[Event "AI Cup Play In"]
[Site "Chess.com INT"]
[Date "2023.09.18"]
[Round "5"]
[White "Maghsoodloo, Parham"]
[Black "Yakubboev, Nodirbek"]
[Result "1/2-1/2"]
[WhiteElo "2707"]
[BlackElo "2617"]
[PlyCount "109"]
[EventDate "2023.09.18"]
[EventType "swiss (rapid)"]
[EventRounds "9"]
[EventCountry "USA"]
[SourceTitle "EXT 2024"]
[Source "ChessBase"]
[SourceDate "2023.10.10"]
[SourceVersion "1"]
[SourceVersionDate "2023.10.10"]
[SourceQuality "1"]

1. d4 Nf6 2. c4 e6 3. Nc3 Bb4 4. e3 0-0 5. Nge2 d5 6. a3 Be7 7. cxd5 exd5 8. Nf4 a5 9. Bd3 Na6 10. 0-0 c6 11. f3 Nc7 12. Bc2 c5 13. Nce2 b6 14. Ng3 g6 15. Re1 Re8 16. Nd3 Bd6 17. Ne5 h5 18. Bd2 h4 19. Ne2 Bxe5 20. dxe5 Rxe5 21. Nf4 d4 22. Bb3 Kg7 23. Qc2 Be6 24. Rad1 Qd6 25. Bxe6 Nxe6 26. Nd3 Rh5 27. e4 Qc7 28. Rc1 b5 29. a4 c4 30. axb5 cxd3 31. Qxc7 Nxc7 32. Rxc7 Rxb5 33. Bc1 d2 34. Bxd2 Rxb2 35. Bf4 Rb5 36. Bd6 a4 37. Rc5 Rxc5 38. Bxc5 d3 39. Kf2 a3 40. Ke3 g5 41. Ra1 a2 42. Kxd3 Nh5 43. Be3 Kg6 44. Kc4 f5 45. exf5+ Kxf5 46. Kb3 Nf4 47. g3 hxg3 48. hxg3 Nd5 49. Bd4 g4 50. Kc4 Ne7 51. fxg4+ Kxg4 52. Kb3 Nf5 53. Bc5 Nxg3 54. Rxa2 Rxa2 55. Kxa2 1/2-1/2